Statistics for Blink-182 Songs

Click here to take the quiz!

General Stats

  • This quiz has been taken 1,701 times
    (1,698 since last reset)
  • The average score is 31 of 80

Answer Stats

Answer% Correct
all the small things
87%
i miss you
81%
dammit
76%
whats my age again
76%
adams song
72%
first date
69%
feeling this
65%
anthem
63%
Carousel
63%
the rock show
63%
josie
62%
go
61%
stay together for the kids
60%
always
57%
aliens exist
56%
down
56%
dumpweed
54%
M+Ms
52%
going away to college
48%
stockholm syndrome
48%
up all night
48%
mutt
47%
online songs
44%
obvious
43%
violence
43%
after midnight
42%
dont leave me
41%
dysentery gary
41%
roller coaster
41%
the party song
41%
anthem part two
40%
apple shampoo
40%
story of a lonely guy
40%
wendy clear
40%
ghost on the dancefloor
39%
all of this
38%
reckless abandon
38%
everytime i look for you
37%
shut up
37%
wishing well
37%
asthenia
36%
im lost without you
36%
easy target
35%
happy holidays you bastard
35%
pathetic
35%
dick lips
34%
heres your letter
33%
please take me home
33%
voyeur
33%
hearts all gone
32%
emo
31%
natives
31%
untitled
31%
a new hope
30%
give me one good reason
29%
the fallen interlude
28%
lemmings
27%
touchdown boy
27%
tv
27%
enthused
26%
im sorry
26%
toast and bananas
26%
waggy
26%
ben wah balls
25%
kaleidoscope
25%
wasting time
25%
boring
24%
love is dangerous
24%
peggy sue
24%
strings
24%
degenerate
23%
Fentoozler
23%
romeo and rebecca
23%
depends
20%
this is home
20%
does my breath smell?
19%
just about done
18%
sometimes
16%
MH 4.18.2011
15%
cacohony
6%

Score Distribution

Percentile by Number Answered

Percent of People with Each Score

Your Score History

You have not taken this quiz since the last reset